[Event "1. Bundesliga 2017/2018"]
[Site "St.Veit/Glan"]
[Date "2018.04.05"]
[Round "9"]
[Board "1"]
[White "Danin, Alexandre"]
[Black "Bosiocic, Marin"]
[Result "1/2-1/2"]
[WhiteElo "2540"]
[BlackElo "2605"]
[PlyCount "72"]
[EventDate "2017.11.16"]
[EventType "team"]
[EventRounds "11"]
[EventCountry "AUT"]
[WhiteTeam "SV Raika Rapid Feffernitz"]
[BlackTeam "SV Pillenkoenig St. Veit"]

1.e4 e5 2.Nf3 Nf6 3.Nxe5 d6 4.Nf3 Nxe4 5.Qe2 Qe7 6.d3 Nf6 7.Nc3 Bg4 8.Qxe7+ Bxe7 9.Be2
Nc6 10.Be3 Nb4 11.O-O-O Nbd5 12.Bd2 Nxc3 13.Bxc3 O-O 14.Nd4 Bxe2 15.Nxe2 Nd5 16.Bd2
Rfe8 17.Nf4 Nxf4 18.Bxf4 c6 19.Rde1 Bf8 20.Kd2 f6 21.Rxe8 Rxe8 22.Re1 Rxe1 23.Kxe1
d5 24.d4 Kf7 25.Ke2 Ke6 26.a4 a6 27.h3 h5 28.g4 hxg4 29.hxg4 b5 30.b3 g6 31.f3 Be7
32.Be3 Bd6 33.Bd2 f5 34.Be3 fxg4 35.fxg4 Bc7 36.Bd2 Bd6  1/2-1/2

[Event "1. Bundesliga 2017/2018"]
[Site "St.Veit/Glan"]
[Date "2018.04.05"]
[Round "9"]
[Board "2"]
[White "Brkic, Ante"]
[Black "Skoberne, Jure"]
[Result "1/2-1/2"]
[WhiteElo "2596"]
[BlackElo "2569"]
[PlyCount "60"]
[EventDate "2017.11.16"]
[EventType "team"]
[EventRounds "11"]
[EventCountry "AUT"]
[WhiteTeam "SV Pillenkoenig St. Veit"]
[BlackTeam "SV Raika Rapid Feffernitz"]

1.d4 d5 2.c4 c6 3.cxd5 cxd5 4.Nc3 Nf6 5.Nf3 Nc6 6.Bf4 Bf5 7.e3 a6 8.Bd3 Bxd3 9.Qxd3
e6 10.O-O Bd6 11.Bxd6 Qxd6 12.Rfc1 O-O 13.Na4 Nd7 14.Nc5 Nxc5 15.Rxc5 Rfc8 16.Rac1
Ne7 17.Rxc8+ Rxc8 18.Rxc8+ Nxc8 19.Qc3 Ne7 20.Ne5 f6 21.Nd3 b6 22.h4 a5 23.a4 Qc6
24.Qxc6 Nxc6 25.f3 Kf7 26.Kf2 h5 27.Nf4 g6 28.g3 Ne7 29.Nd3 Nc6 30.Nf4 Ne7  1/2-1/2

[Event "1. Bundesliga 2017/2018"]
[Site "St.Veit/Glan"]
[Date "2018.04.05"]
[Round "9"]
[Board "3"]
[White "Diermair, Andreas"]
[Black "Antoniewski, Rafal"]
[Result "1/2-1/2"]
[WhiteElo "2514"]
[BlackElo "2528"]
[PlyCount "61"]
[EventDate "2017.11.16"]
[EventType "team"]
[EventRounds "11"]
[EventCountry "AUT"]
[WhiteTeam "SV Raika Rapid Feffernitz"]
[BlackTeam "SV Pillenkoenig St. Veit"]

1.Nf3 Nf6 2.c4 g6 3.Nc3 Bg7 4.e4 d6 5.d4 O-O 6.Be2 Na6 7.O-O e5 8.Be3 c6 9.d5 Ng4
10.Bg5 f6 11.Bh4 c5 12.Ne1 Nh6 13.Nd3 b6 14.a3 Nc7 15.f3 Nf7 16.Rb1 Bh6 17.Qe1 Be3+
18.Bf2 Bd4 19.Bd1 Ba6 20.b3 b5 21.Nb2 Rb8 22.Be2 bxc4 23.Bxc4 Qc8 24.Qd2 Nb5 25.Nxb5
Bxb5 26.Qd3 Bd7 27.Nd1 Qc7 28.Qd2 Bb5 29.Nb2 Bxc4 30.Nxc4 Rb5 31.a4  1/2-1/2

[Event "1. Bundesliga 2017/2018"]
[Site "St.Veit/Glan"]
[Date "2018.04.05"]
[Round "9"]
[Board "4"]
[White "Kuljasevic, Davorin"]
[Black "Schreiner, Peter"]
[Result "1/2-1/2"]
[WhiteElo "2538"]
[BlackElo "2465"]
[PlyCount "62"]
[EventDate "2017.11.16"]
[EventType "team"]
[EventRounds "11"]
[EventCountry "AUT"]
[WhiteTeam "SV Pillenkoenig St. Veit"]
[BlackTeam "SV Raika Rapid Feffernitz"]

1.d4 d5 2.c4 c6 3.cxd5 cxd5 4.Nf3 Nf6 5.Nc3 Nc6 6.Bf4 Bf5 7.e3 e6 8.Bd3 Bxd3 9.Qxd3
Bd6 10.Bxd6 Qxd6 11.O-O O-O 12.Rfc1 Rfc8 13.Na4 Nd7 14.Nc5 Nxc5 15.Rxc5 Rc7 16.Rac1
Rac8 17.Qd2 h6 18.h3 Ne7 19.Rxc7 Rxc7 20.Ne5 b6 21.Nd3 Rxc1+ 22.Qxc1 Qc6 23.Qxc6 Nxc6
24.h4 h5 25.f3 g6 26.Kf2 f6 27.Kg3 Kf7 28.b3 Ne7 29.Kf2 Nf5 30.g3 Nd6 31.Ke2 Nf5  1/2-1/2

[Event "1. Bundesliga 2017/2018"]
[Site "St.Veit/Glan"]
[Date "2018.04.05"]
[Round "9"]
[Board "5"]
[White "Zorko, Jure"]
[Black "Rogic, Davor"]
[Result "1/2-1/2"]
[WhiteElo "2462"]
[BlackElo "2515"]
[PlyCount "62"]
[EventDate "2017.11.16"]
[EventType "team"]
[EventRounds "11"]
[EventCountry "AUT"]
[WhiteTeam "SV Raika Rapid Feffernitz"]
[BlackTeam "SV Pillenkoenig St. Veit"]

1.e4 e6 2.d4 d5 3.exd5 exd5 4.Bd3 Bd6 5.Ne2 Ne7 6.O-O O-O 7.c3 c6 8.Bf4 Bf5 9.Bxd6
Qxd6 10.Ng3 Bxd3 11.Qxd3 Nd7 12.Re1 Rfe8 13.Nd2 Qg6 14.Qxg6 hxg6 15.Re2 Nf5 16.Rae1
Rxe2 17.Rxe2 Nxg3 18.hxg3 Kf8 19.g4 g5 20.Nf3 f6 21.Ne1 Re8 22.Rxe8+ Kxe8 23.f3 Ke7
24.Kf2 Kd6 25.Nc2 g6 26.Ke2 Ke6 27.Kd3 Nb6 28.b3 Nc8 29.Ke3 Nd6 30.Nb4 Nf7 31.Nd3
Kd6  1/2-1/2

[Event "1. Bundesliga 2017/2018"]
[Site "St.Veit/Glan"]
[Date "2018.04.05"]
[Round "9"]
[Board "6"]
[White "Hoelzl, Franz"]
[Black "Kavcic, Zan"]
[Result "1/2-1/2"]
[WhiteElo "2313"]
[BlackElo "2316"]
[PlyCount "61"]
[EventDate "2017.11.16"]
[EventType "team"]
[EventRounds "11"]
[EventCountry "AUT"]
[WhiteTeam "SV Pillenkoenig St. Veit"]
[BlackTeam "SV Raika Rapid Feffernitz"]

1.Nf3 Nf6 2.d4 d5 3.c4 c6 4.e3 e6 5.Qc2 Be7 6.Be2 O-O 7.O-O b6 8.b3 Bb7 9.Bb2 Nbd7
10.Nbd2 c5 11.Rac1 Rc8 12.Qb1 dxc4 13.Bxc4 Rc7 14.dxc5 Bxc5 15.Rfd1 Qe7 16.Be2 Rfc8
17.Ne5 Nxe5 18.Bxe5 Bd6 19.Rxc7 Bxc7 20.Bxc7 Qxc7 21.Bf3 Rd8 22.Bxb7 Qxb7 23.Nf3 Rxd1+
24.Qxd1 Qd5 25.Qd4 a5 26.h3 Qxd4 27.Nxd4 Kf8 28.Kf1 Ke7 29.Ke2 Kd6 30.Kd3 Kc5 31.a3  1/2-1/2

[Event "1. Bundesliga 2017/2018"]
[Site "St.Veit/Glan"]
[Date "2018.04.05"]
[Round "9"]
[Board "2"]
[White "Volokitin, Andrei"]
[Black "Georgiadis, Nico"]
[Result "1-0"]
[WhiteElo "2632"]
[BlackElo "2534"]
[PlyCount "81"]
[EventDate "2017.11.16"]
[EventType "team"]
[EventRounds "11"]
[EventCountry "AUT"]
[WhiteTeam "Schachklub Sparkasse Jenbach"]
[BlackTeam "Schachclub Sparkasse Goetzis"]

1.e4 e5 2.Nf3 Nc6 3.Bb5 Nf6 4.O-O Nxe4 5.d4 Nd6 6.Bxc6 dxc6 7.dxe5 Nf5 8.Qxd8+ Kxd8
9.h3 Bd7 10.Rd1 Kc8 11.g4 Ne7 12.Ng5 Be8 13.f4 g6 14.c4 b6 15.Nc3 h6 16.Nge4 Bd7 17.b3
Be6 18.Kg2 Kb7 19.Bb2 Bg7 20.Kg3 Rad8 21.Rxd8 Rxd8 22.Rd1 Re8 23.Nf6 Bxf6 24.exf6
Nc8 25.Ne4 c5 26.Be5 a5 27.Nc3 Na7 28.Kf3 Kc8 29.a4 Nc6 30.Nb5 Nxe5+ 31.fxe5 h5 32.Nc3
Bd7 33.Nd5 hxg4+ 34.hxg4 Be6 35.Nf4 Bd7 36.Nd5 Be6 37.Nf4 Bd7 38.Re1 Bc6+ 39.Kg3 Bd7
40.e6 Bxe6 41.Rxe6  1-0

[Event "1. Bundesliga 2017/2018"]
[Site "St.Veit/Glan"]
[Date "2018.04.05"]
[Round "9"]
[Board "3"]
[White "Krassowizkij, Jaroslaw"]
[Black "Wagner, Dennis"]
[Result "0-1"]
[WhiteElo "2442"]
[BlackElo "2550"]
[PlyCount "72"]
[EventDate "2017.11.16"]
[EventType "team"]
[EventRounds "11"]
[EventCountry "AUT"]
[WhiteTeam "Schachclub Sparkasse Goetzis"]
[BlackTeam "Schachklub Sparkasse Jenbach"]

1.d4 Nf6 2.c4 g6 3.f3 c5 4.d5 d6 5.e4 Bg7 6.Ne2 e6 7.Nec3 a6 8.a4 Nh5 9.Be3 f5 10.Be2
Be5 11.dxe6 f4 12.e7 Qxe7 13.Nd5 Qd8 14.Bf2 Nc6 15.Qd2 O-O 16.Nbc3 Be6 17.Rb1 Rc8
18.Bd3 Rf7 19.Ne2 Kh8 20.O-O g5 21.g4 fxg3 22.Nxg3 Nd4 23.Bxd4 Bxd4+ 24.Kg2 Nf4+ 25.Nxf4
gxf4 26.Nf5 Bxf5 27.exf5 Qg5+ 28.Kh1 Rg8 29.f6 Qxf6 30.Be4 Rg5 31.b3 Rfg7 32.Rbd1
Qf7 33.Qc1 Rg2 34.Rd2 Qg8 35.Rxg2 Rxg2 36.Qe1 Rb2  0-1

[Event "1. Bundesliga 2017/2018"]
[Site "St.Veit/Glan"]
[Date "2018.04.05"]
[Round "9"]
[Board "4"]
[White "Acs, Peter"]
[Black "Eisenbeiser, Amadeus"]
[Result "1-0"]
[WhiteElo "2592"]
[BlackElo "2393"]
[PlyCount "83"]
[EventDate "2017.11.16"]
[EventType "team"]
[EventRounds "11"]
[EventCountry "AUT"]
[WhiteTeam "Schachklub Sparkasse Jenbach"]
[BlackTeam "Schachclub Sparkasse Goetzis"]

1.e4 d6 2.d4 Nf6 3.Nc3 e5 4.Nf3 Nbd7 5.Bc4 Be7 6.O-O O-O 7.Re1 a6 8.a4 b6 9.b3 Bb7
10.Bb2 Re8 11.d5 g6 12.Na2 Rf8 13.Nb4 Nc5 14.Nd2 Nh5 15.Nc6 Bxc6 16.dxc6 Bg5 17.Nf3
Bh6 18.c3 Nf6 19.Qc2 Qe8 20.b4 Ne6 21.Bd5 Nd8 22.b5 a5 23.c4 Nxd5 24.exd5 f6 25.g3
Nf7 26.Nh4 Qd8 27.f4 f5 28.Nf3 exf4 29.gxf4 Bxf4 30.Qc3 Ne5 31.Nxe5 dxe5 32.Rxe5 Qh4
33.Re2 Qh6 34.Rae1 Rae8 35.h4 Re4 36.Rxe4 fxe4 37.Rxe4 Bd6 38.Kg2 Bc5 39.Qh8+ Kf7
40.Rf4+ Ke8 41.Qe5+ Kd8 42.Qe6  1-0

[Event "1. Bundesliga 2017/2018"]
[Site "St.Veit/Glan"]
[Date "2018.04.05"]
[Round "9"]
[Board "5"]
[White "Kessler, Luca"]
[Black "Shengelia, David"]
[Result "0-1"]
[WhiteElo "2416"]
[BlackElo "2505"]
[PlyCount "66"]
[EventDate "2017.11.16"]
[EventType "team"]
[EventRounds "11"]
[EventCountry "AUT"]
[WhiteTeam "Schachclub Sparkasse Goetzis"]
[BlackTeam "Schachklub Sparkasse Jenbach"]

1.Nf3 Nf6 2.g3 d5 3.Bg2 Nbd7 4.c4 dxc4 5.Qa4 a6 6.Qxc4 c5 7.Qc2 e6 8.O-O b5 9.a4 Bb7
10.Nc3 Qb6 11.d3 Be7 12.e4 O-O 13.h3 b4 14.a5 Qd8 15.Ne2 c4 16.Qxc4 Rc8 17.Qb3 Nc5
18.Qxb4 Qxd3 19.Nc3 Nfxe4 20.Rd1 Qc2 21.Be3 Qb3 22.Qxb3 Nxb3 23.Ra4 Nxc3 24.bxc3 Rxc3
25.Ne5 Bxg2 26.Kxg2 f6 27.Nd7 Rd8 28.Bb6 Rdc8 29.Rf4 e5 30.Rf3 Rxf3 31.Kxf3 Bb4 32.Rd3
Nxa5 33.Be3 Nc4  0-1

[Event "1. Bundesliga 2017/2018"]
[Site "St.Veit/Glan"]
[Date "2018.04.05"]
[Round "9"]
[Board "6"]
[White "Schlosser, Philipp"]
[Black "Kvetny, Mark"]
[Result "1/2-1/2"]
[WhiteElo "2511"]
[BlackElo "2403"]
[PlyCount "69"]
[EventDate "2017.11.16"]
[EventType "team"]
[EventRounds "11"]
[EventCountry "AUT"]
[WhiteTeam "Schachklub Sparkasse Jenbach"]
[BlackTeam "Schachclub Sparkasse Goetzis"]

1.Nf3 d5 2.g3 Bg4 3.Bg2 e6 4.O-O Nd7 5.c4 c6 6.cxd5 cxd5 7.Qb3 Qb6 8.Qxb6 Nxb6 9.Nc3
Bd6 10.b3 a6 11.Bb2 Ne7 12.d4 Nc6 13.Rfd1 Rc8 14.Rac1 O-O 15.h3 Bh5 16.e4 Bb4 17.exd5
Bxc3 18.Rxc3 Nxd5 19.Rc5 b6 20.Rc4 Na5 21.Rxc8 Rxc8 22.Rd2 f6 23.Nh2 Be8 24.Bxd5 exd5
25.Ng4 Bd7 26.Ne3 Be6 27.g4 Nb7 28.Kg2 Nd6 29.f3 a5 30.a4 b5 31.axb5 Nxb5 32.Rc2 Rxc2+
33.Nxc2 Bd7 34.Kf2 Nc7 35.Ne3  1/2-1/2

[Event "1. Bundesliga 2017/2018"]
[Site "St.Veit/Glan"]
[Date "2018.04.05"]
[Round "9"]
[Board "1"]
[White "Sutovsky, Emil"]
[Black "Haba, Petr"]
[Result "1-0"]
[WhiteElo "2644"]
[BlackElo "2454"]
[PlyCount "49"]
[EventDate "2017.11.16"]
[EventType "team"]
[EventRounds "11"]
[EventCountry "AUT"]
[WhiteTeam "Schachklub Absam"]
[BlackTeam "Grieskirchen/Bad Schallerbach"]

1.e4 e5 2.Nf3 Nf6 3.Nxe5 d6 4.Nf3 Nxe4 5.Nc3 Nxc3 6.dxc3 Be7 7.Be3 O-O 8.Qd2 Nd7 9.O-O-O
c6 10.Bd3 d5 11.h4 Nf6 12.Bg5 Bg4 13.Rde1 Re8 14.Qf4 Qd6 15.Ne5 Be6 16.Re3 Nd7 17.Rhe1
Nxe5 18.Rxe5 Bf8 19.Bf6 h6 20.R1e3 g6 21.h5 Bg7 22.hxg6 fxg6 23.Qg3 Bxf6 24.Qxg6+
Bg7 25.Rf3  1-0

[Event "1. Bundesliga 2017/2018"]
[Site "St.Veit/Glan"]
[Date "2018.04.05"]
[Round "9"]
[Board "2"]
[White "Kilgus, Georg"]
[Black "Dizdar, Goran"]
[Result "1/2-1/2"]
[WhiteElo "2413"]
[BlackElo "2488"]
[PlyCount "76"]
[EventDate "2017.11.16"]
[EventType "team"]
[EventRounds "11"]
[EventCountry "AUT"]
[WhiteTeam "Grieskirchen/Bad Schallerbach"]
[BlackTeam "Schachklub Absam"]

1.Nf3 d5 2.g3 c5 3.Bg2 g6 4.c4 d4 5.b4 cxb4 6.a3 bxa3 7.d3 Nc6 8.O-O Bg7 9.Bxa3 Nh6
10.Ng5 Bd7 11.Nd2 O-O 12.Nh3 Rb8 13.Nf4 Re8 14.Qa4 a6 15.Rfb1 Ne5 16.Qd1 Bc6 17.Bxc6
Nxc6 18.Bc5 Ng4 19.Nd5 Nf6 20.Nb6 e5 21.Ne4 Nxe4 22.dxe4 Bf8 23.Bxf8 Rxf8 24.c5 Na7
25.Qa4 Qe7 26.Nd7 Nb5 27.Nxb8 Rxb8 28.Rxb5 axb5 29.Qxb5 Rc8 30.Ra7 Rxc5 31.Rxb7 Rxb5
32.Rxe7 Kf8 33.Ra7 h5 34.h4 Rb2 35.Kf1 Rb1+ 36.Kg2 Rb2 37.Kf1 Rb1+ 38.Kg2 Rb2  1/2-1/2

[Event "1. Bundesliga 2017/2018"]
[Site "St.Veit/Glan"]
[Date "2018.04.05"]
[Round "9"]
[Board "3"]
[White "Rotstein, Arkadij"]
[Black "Schwabeneder, Florian"]
[Result "0-1"]
[WhiteElo "2505"]
[BlackElo "2422"]
[PlyCount "100"]
[EventDate "2017.11.16"]
[EventType "team"]
[EventRounds "11"]
[EventCountry "AUT"]
[WhiteTeam "Schachklub Absam"]
[BlackTeam "Grieskirchen/Bad Schallerbach"]

1.d4 d5 2.Bf4 Nf6 3.e3 c5 4.c3 e6 5.Nd2 Bd6 6.Bg3 Qc7 7.Ngf3 Nbd7 8.Bd3 O-O 9.O-O
Bxg3 10.hxg3 e5 11.dxe5 Nxe5 12.Nxe5 Qxe5 13.Nf3 Qe7 14.Qa4 Bd7 15.Qf4 Rfe8 16.b4
Rac8 17.bxc5 Ne4 18.Bxe4 dxe4 19.Nd4 Rxc5 20.g4 Qe5 21.Qxe5 Rexe5 22.Rab1 b6 23.Nf5
Bxf5 24.gxf5 Rxf5 25.Rb4 Rxc3 26.Rxe4 h5 27.Ra4 Rc7 28.Kh2 Kf8 29.Kg3 Rfc5 30.Rd1
Ke7 31.Re4+ Kf6 32.Rd6+ Kf5 33.Re8 f6 34.Ra8 Ra5 35.Rd2 Ke6 36.Re8+ Kf7 37.Rh8 Kg6
38.Rhd8 Rc4 39.f3 Rca4 40.R2d7 Rg5+ 41.Kh3 Rxa2 42.g3 Rf2 43.f4 Rg4 44.e4 Rf3 45.f5+
Kh7 46.Re8 Rfxg3+ 47.Kh2 Re3 48.Rf8 Rgxe4 49.Rff7 Rg4 50.Rxf6 Rd4  0-1

[Event "1. Bundesliga 2017/2018"]
[Site "St.Veit/Glan"]
[Date "2018.04.05"]
[Round "9"]
[Board "4"]
[White "Singer, Christoph"]
[Black "Bayer, Bernhard"]
[Result "1/2-1/2"]
[WhiteElo "2350"]
[BlackElo "2425"]
[PlyCount "68"]
[EventDate "2017.11.16"]
[EventType "team"]
[EventRounds "11"]
[EventCountry "AUT"]
[WhiteTeam "Grieskirchen/Bad Schallerbach"]
[BlackTeam "Schachklub Absam"]

1.e4 c6 2.d4 d5 3.exd5 cxd5 4.Bd3 Nc6 5.c3 g6 6.Bf4 Bg7 7.Nf3 Nh6 8.O-O O-O 9.Re1
Re8 10.Qd2 Nf5 11.Na3 a6 12.Nc2 f6 13.c4 dxc4 14.Bxc4+ Kh8 15.Rad1 b5 16.Bf7 Rf8 17.Be6
Bxe6 18.Rxe6 Qd5 19.Rde1 g5 20.Bg3 g4 21.Nh4 Nxh4 22.Bxh4 Ne5 23.Rxe7 Ng6 24.Ne3 Qh5
25.Rxg7 Kxg7 26.Bg3 Qg5 27.d5 h5 28.Bd6 Rf7 29.Qc2 Re8 30.Rd1 h4 31.Bc7 Rxe3 32.fxe3
Qxe3+ 33.Kh1 h3 34.Bg3 Nf4  1/2-1/2

[Event "1. Bundesliga 2017/2018"]
[Site "St.Veit/Glan"]
[Date "2018.04.05"]
[Round "9"]
[Board "5"]
[White "Lehner, Oliver"]
[Black "Webersberger, Johann"]
[Result "0-1"]
[WhiteElo "2402"]
[BlackElo "2341"]
[PlyCount "112"]
[EventDate "2017.11.16"]
[EventType "team"]
[EventRounds "11"]
[EventCountry "AUT"]
[WhiteTeam "Schachklub Absam"]
[BlackTeam "Grieskirchen/Bad Schallerbach"]

1.Nf3 g6 2.c4 Bg7 3.g3 e5 4.Nc3 Nc6 5.Bg2 Nh6 6.d3 O-O 7.h4 Nf5 8.h5 Ncd4 9.Ng5 h6
10.Nge4 c6 11.e3 Ne6 12.Qb3 d6 13.hxg6 fxg6 14.Bd2 Rb8 15.Qa3 b5 16.cxb5 d5 17.bxc6
dxe4 18.Nxe4 Rf7 19.Ba5 Nc7 20.Rc1 Bf8 21.Qc3 Qe7 22.Bxc7 Qxc7 23.O-O Kh7 24.Rc2 Be6
25.Nc5 Bxc5 26.Qxc5 Bxa2 27.b4 Be6 28.Ra1 h5 29.Ra5 Bc8 30.Qxe5 Rxb4 31.d4 Rb1+ 32.Kh2
h4 33.gxh4 Qd8 34.Bh3 Nxh4 35.Bg2 Nxg2 36.Kxg2 Qh4 37.Qh2 Bh3+ 38.Qxh3 Rg1+ 39.Kxg1
Qxh3 40.Rg5 Qc8 41.d5 Qb8 42.Rc4 Qb1+ 43.Kg2 Rxf2+ 44.Kxf2 Qa2+ 45.Kf3 Qxc4 46.Re5
a5 47.e4 a4 48.Re8 a3 49.Ra8 a2 50.c7 Qc3+ 51.Kg4 Qxc7 52.Rxa2 Qe5 53.Kf3 g5 54.Ra7+
Kg6 55.Ra6+ Kh5 56.Re6 Qc3+  0-1

[Event "1. Bundesliga 2017/2018"]
[Site "St.Veit/Glan"]
[Date "2018.04.05"]
[Round "9"]
[Board "6"]
[White "Lentrodt, Thomas"]
[Black "De Francesco, Klaus"]
[Result "1-0"]
[WhiteElo "2276"]
[BlackElo "2295"]
[PlyCount "127"]
[EventDate "2017.11.16"]
[EventType "team"]
[EventRounds "11"]
[EventCountry "AUT"]
[WhiteTeam "Grieskirchen/Bad Schallerbach"]
[BlackTeam "Schachklub Absam"]

1.d4 Nf6 2.c4 e6 3.Nf3 b6 4.g3 Ba6 5.Qa4 Bb7 6.Bg2 c5 7.dxc5 Bxc5 8.O-O O-O 9.Nc3
Ne4 10.Qc2 Nxc3 11.Qxc3 Be7 12.Bf4 Bf6 13.Qc2 Qc8 14.Bd6 Re8 15.Rfd1 Nc6 16.Rac1 e5
17.e3 g6 18.Nd2 Bg7 19.Bd5 Ne7 20.Bxb7 Qxb7 21.Bxe7 Rxe7 22.Ne4 f5 23.Nd6 Qc6 24.c5
bxc5 25.Qxc5 Qxc5 26.Rxc5 e4 27.b4 a6 28.Nc4 Bf8 29.a3 Ra7 30.Rc8 Re6 31.Na5 Kf7 32.Kf1
h5 33.Ke2 Be7 34.Kd2 Rd6+ 35.Kc2 Rxd1 36.Kxd1 h4 37.Kc2 hxg3 38.hxg3 Ke6 39.Nb3 Bd6
40.Nd4+ Kf6 41.Kb3 g5 42.Kc4 f4 43.gxf4 gxf4 44.Kd5 Be7 45.Nb3 fxe3 46.fxe3 Kf5 47.Re8
Kf6 48.Kxe4 Rc7 49.Ra8 Rc6 50.Nd4 Rb6 51.Kd5 Kf7 52.Ra7 Rd6+ 53.Ke5 Ke8 54.Ra8+ Kf7
55.e4 Rb6 56.Nf5 Re6+ 57.Kd5 Bf6 58.Nd6+ Kg6 59.Nc4 Kg5 60.e5 Bg7 61.Ra7 Kf5 62.Rxd7
Bxe5 63.Rf7+ Bf6 64.Nd6+  1-0

[Event "1. Bundesliga 2017/2018"]
[Site "St.Veit/Glan"]
[Date "2018.04.05"]
[Round "9"]
[Board "1"]
[White "Studer, Noël"]
[Black "Rubil, Marko"]
[Result "1-0"]
[WhiteElo "2463"]
[BlackElo "2231"]
[PlyCount "75"]
[EventDate "2017.11.16"]
[EventType "team"]
[EventRounds "11"]
[EventCountry "AUT"]
[WhiteTeam "SIR Royal Salzburg"]
[BlackTeam "ASVOE Pamhagen"]

1.d4 f5 2.g3 Nf6 3.Bg2 g6 4.Nf3 Bg7 5.c4 O-O 6.O-O d6 7.Nc3 Qe8 8.b3 a5 9.Re1 Na6
10.Bb2 e5 11.dxe5 dxe5 12.e4 f4 13.Nd5 Nh5 14.Ba3 Bg4 15.Bxf8 Qxf8 16.h3 Bxf3 17.Qxf3
Bh6 18.g4 Ng7 19.Qc3 Re8 20.Rad1 Bg5 21.Bf1 Qc5 22.a3 Bh4 23.Rd2 Qxa3 24.Ra1 Qf8 25.c5
Nxc5 26.Nxc7 Rc8 27.Qc4+ Kh8 28.Nb5 b6 29.Nd6 Rc7 30.b4 Nce6 31.Qd5 Nd4 32.Rxd4 exd4
33.bxa5 Rd7 34.e5 bxa5 35.Rxa5 Bd8 36.Ra8 h5 37.Bb5 Rc7 38.Rxd8  1-0

[Event "1. Bundesliga 2017/2018"]
[Site "St.Veit/Glan"]
[Date "2018.04.05"]
[Round "9"]
[Board "2"]
[White "Horvath, Dominik"]
[Black "Postny, Evgeny"]
[Result "1/2-1/2"]
[WhiteElo "2383"]
[BlackElo "2575"]
[PlyCount "103"]
[EventDate "2017.11.16"]
[EventType "team"]
[EventRounds "11"]
[EventCountry "AUT"]
[WhiteTeam "ASVOE Pamhagen"]
[BlackTeam "SIR Royal Salzburg"]

1.c4 c6 2.Nf3 d5 3.e3 Nf6 4.Nc3 a6 5.d4 b5 6.b3 Bg4 7.Be2 e6 8.h3 Bf5 9.g4 Be4 10.g5
Bxf3 11.Bxf3 Ng8 12.h4 Bb4 13.Qc2 Ne7 14.Bb2 Nd7 15.a3 Ba5 16.c5 Bc7 17.O-O-O a5 18.Ne2
b4 19.a4 h6 20.Bg4 Nf8 21.f4 h5 22.Bh3 Nfg6 23.Ng1 Qd7 24.Nf3 Nf5 25.Rde1 Ngxh4 26.Nxh4
Nxh4 27.Bxe6 Qxe6 28.Rxh4 O-O-O 29.Kb1 Rde8 30.Qe2 Kb7 31.Ka2 g6 32.Qd3 Qd7 33.Bc1
Re4 34.Kb2 Rhe8 35.Bd2 Qf5 36.Qf1 R4e6 37.Bc1 Bd8 38.Rh2 f6 39.gxf6 Bxf6 40.Rd1 h4
41.Qh3 Qh5 42.Rg1 Kc7 43.Rhg2 Qf5 44.Qxf5 gxf5 45.Rg6 Rh8 46.Kc2 Kd7 47.Kd3 Ke7 48.Bd2
Kf7 49.R6g2 Ree8 50.Be1 Rh6 51.Bf2 Rh7 52.Be1  1/2-1/2

[Event "1. Bundesliga 2017/2018"]
[Site "St.Veit/Glan"]
[Date "2018.04.05"]
[Round "9"]
[Board "3"]
[White "Prusikin, Michael"]
[Black "Kuthan, Andreas"]
[Result "1-0"]
[WhiteElo "2514"]
[BlackElo "2194"]
[PlyCount "71"]
[EventDate "2017.11.16"]
[EventType "team"]
[EventRounds "11"]
[EventCountry "AUT"]
[WhiteTeam "SIR Royal Salzburg"]
[BlackTeam "ASVOE Pamhagen"]

1.Nf3 Nf6 2.g3 g6 3.b3 Bg7 4.Bb2 O-O 5.Bg2 d6 6.d4 e5 7.dxe5 Ng4 8.Qc1 Nxe5 9.Nxe5
dxe5 10.O-O Nc6 11.Bxc6 bxc6 12.Rd1 Qf6 13.Nd2 Qf5 14.Nf3 Qh5 15.Qg5 Qxg5 16.Nxg5
Bf5 17.e4 Bg4 18.f3 Bc8 19.Kg2 f6 20.Nh3 Be6 21.Nf2 Rfd8 22.Rxd8+ Rxd8 23.Rd1 Rxd1
24.Nxd1 Bf8 25.Nf2 Kf7 26.Nd3 Bd6 27.c4 Bc8 28.Bc1 Bf8 29.g4 Ke6 30.Kg3 Bd6 31.Be3
a6 32.Bd2 f5 33.Bb4 f4+ 34.Kf2 h6 35.Bc3 c5 36.Bb2  1-0

[Event "1. Bundesliga 2017/2018"]
[Site "St.Veit/Glan"]
[Date "2018.04.05"]
[Round "9"]
[Board "4"]
[White "Prinzjakowitsch, Bernhard"]
[Black "Pitl, Gregory"]
[Result "1/2-1/2"]
[WhiteElo "2114"]
[BlackElo "2394"]
[PlyCount "60"]
[EventDate "2017.11.16"]
[EventType "team"]
[EventRounds "11"]
[EventCountry "AUT"]
[WhiteTeam "ASVOE Pamhagen"]
[BlackTeam "SIR Royal Salzburg"]

1.e4 c6 2.d4 d5 3.Nc3 dxe4 4.Nxe4 Nf6 5.Nxf6+ exf6 6.Bf4 Be7 7.Nf3 O-O 8.Bc4 Nd7 9.c3
Nb6 10.Bd3 Nd5 11.Bg3 Re8 12.Qc2 Bf8+ 13.Kf1 h6 14.Re1 Be6 15.a3 Qd7 16.h3 a5 17.Kg1
a4 18.c4 Ne7 19.Kh2 b5 20.d5 cxd5 21.cxb5 Rec8 22.Qd2 Nf5 23.Bxf5 Bxf5 24.Nd4 Bc5
25.Nc6 Be6 26.Rc1 Bb6 27.Qb4 Re8 28.Rhd1 Kh8 29.Rd2 Kh7 30.Rcd1 Kh8  1/2-1/2

[Event "1. Bundesliga 2017/2018"]
[Site "St.Veit/Glan"]
[Date "2018.04.05"]
[Round "9"]
[Board "6"]
[White "Horvath, Maria"]
[Black "Durakovic, Alman"]
[Result "0-1"]
[WhiteElo "1980"]
[BlackElo "2279"]
[PlyCount "68"]
[EventDate "2017.11.16"]
[EventType "team"]
[EventRounds "11"]
[EventCountry "AUT"]
[WhiteTeam "ASVOE Pamhagen"]
[BlackTeam "SIR Royal Salzburg"]

1.d4 Nf6 2.Nf3 e6 3.e3 c5 4.Bd3 b6 5.O-O Bb7 6.Nbd2 Nc6 7.b3 cxd4 8.exd4 Nb4 9.Be2
Nbd5 10.Bb2 Bb4 11.c4 Nf4 12.a3 Be7 13.Re1 Nxe2+ 14.Qxe2 O-O 15.d5 Re8 16.dxe6 dxe6
17.Rad1 Qc7 18.Ne5 Bd6 19.Ndf3 Rad8 20.Qc2 h6 21.h3 Qe7 22.Qc1 Ne4 23.Rd4 f6 24.Ng6
Qf7 25.Nfh4 f5 26.b4 a5 27.Red1 axb4 28.axb4 Qc7 29.Ba3 b5 30.c5 Bh2+ 31.Kf1 Bd5 32.Nf3
Bg3 33.Rxe4 fxe4 34.Nd2 Qf7  0-1

[Event "1. Bundesliga 2017/2018"]
[Site "St.Veit/Glan"]
[Date "2018.04.05"]
[Round "9"]
[Board "1"]
[White "Bindrich, Falko"]
[Black "Ragger, Markus"]
[Result "1/2-1/2"]
[WhiteElo "2588"]
[BlackElo "2673"]
[PlyCount "85"]
[EventDate "2017.11.16"]
[EventType "team"]
[EventRounds "11"]
[EventCountry "AUT"]
[WhiteTeam "SK Hohenems"]
[BlackTeam "SC MPOE Maria Saal"]

1.d4 Nf6 2.c4 g6 3.Nf3 Bg7 4.e3 O-O 5.Be2 c5 6.d5 e6 7.Nc3 d6 8.e4 exd5 9.exd5 Bf5
10.O-O Ne4 11.Nxe4 Bxe4 12.Ng5 Re8 13.f3 Bf5 14.g4 Bc8 15.Ne4 Bxg4 16.Bg5 Qb6 17.fxg4
Rxe4 18.Bd3 Re8 19.Qf3 Qc7 20.Bf6 Bxf6 21.Qxf6 Rf8 22.Rae1 Nd7 23.Qe7 Rac8 24.Bf5
Ne5 25.Rxe5 dxe5 26.d6 Qxe7 27.dxe7 gxf5 28.exf8=Q+ Kxf8 29.Rxf5 Re8 30.Kf2 Kg7 31.Ke3
f6 32.g5 fxg5 33.Rxg5+ Kf6 34.Rh5 Kg6 35.Rh3 Rd8 36.Rg3+ Kf6 37.Rf3+ Ke6 38.Rh3 Rd7
39.b3 Rg7 40.Ke4 Rg4+ 41.Ke3 Rg7 42.Ke4 Rg4+ 43.Ke3  1/2-1/2

[Event "1. Bundesliga 2017/2018"]
[Site "St.Veit/Glan"]
[Date "2018.04.05"]
[Round "9"]
[Board "2"]
[White "Predojevic, Borki"]
[Black "Rozentalis, Eduardas"]
[Result "1/2-1/2"]
[WhiteElo "2640"]
[BlackElo "2518"]
[PlyCount "61"]
[EventDate "2017.11.16"]
[EventType "team"]
[EventRounds "11"]
[EventCountry "AUT"]
[WhiteTeam "SC MPOE Maria Saal"]
[BlackTeam "SK Hohenems"]

1.e4 e5 2.Nf3 Nf6 3.Nxe5 d6 4.Nf3 Nxe4 5.d4 Be7 6.Bd3 Nf6 7.h3 Nc6 8.c3 O-O 9.O-O
h6 10.Re1 Re8 11.Bf4 Bf8 12.Rxe8 Qxe8 13.Nbd2 Be6 14.Ne4 Nxe4 15.Bxe4 f5 16.Bc2 Qf7
17.Bb3 Ne7 18.Bxe6 Qxe6 19.Qb3 Qxb3 20.axb3 g5 21.Bd2 a6 22.h4 g4 23.Ne1 Re8 24.Nd3
Nd5 25.Kf1 Re4 26.Ra5 c6 27.g3 Bg7 28.Bf4 Nxf4 29.Nxf4 d5 30.Ra1 Bf8 31.Re1  1/2-1/2